| 000 | 00716nam a2200229Ia 4500 | ||
|---|---|---|---|
| 003 | OSt | ||
| 005 | 20250124094957.0 | ||
| 008 | 210716s2010 xx 000 0 und d | ||
| 020 | _a9788184894271 | ||
| 040 | _cAIMIT LIBRARY | ||
| 041 | _aeng | ||
| 082 |
_a001.0725701 _21 _bAMBW |
||
| 245 |
_aTopics in biostatistics / _cEdited by Walter T Ambrosius. |
||
| 250 | _a1st ed. | ||
| 260 |
_aNew Delhi : _bHumana Press , _c2010. |
||
| 300 |
_axii,528p. ; _bPB _c23.8 cm |
||
| 650 |
_aDescriptive statistics _9195066 |
||
| 650 |
_aCorrelation and simple linear regression _9195067 |
||
| 650 |
_aGeneral linear models _9195068 |
||
| 700 |
_aAmbrosius, Walter T., ed. _9195069 |
||
| 942 |
_2ddc _cBK _e1st _k001.0725701 AMBW |
||
| 999 |
_c195182 _d195182 |
||